000 00726nam a2200205 a 4500
001 000044196
005 20240229073927.0
008 140609s2007 dr a 000 0bspa d
020 _a9789945853940
040 _aDO-SdBNP
_bspa
_cBNPHU
082 _a920.71
_aM772b
100 1 _aMonte Urraca, Manuel E., Del
_972202
245 1 0 _aBatallas de una vida /
_cManuel E. Del Monte Urraca ; prólogo León David.
260 _aSanto Domingo :
_bCorripio,
_c2007.
300 _a193 p. :
_bil., retrs. ;
_c22 cm.
600 1 4 _aMONTE URRACA, MANUEL E. DEL,
_d1935-
_917147
650 4 _aArquitectos
_zRepública Dominicana
_xBopgrafías
_972203
700 1 2 _aLeón David
_d1945-
_epról.
_984930
910 _aValidado. Control de calidad MFF
999 _c43685
_d43685